000 00441nam a2200193Ia 4500
005 20240823015602.0
008 240823s9999||||xx |||||||||||||| ||und||
041 _aENGLISH
082 _A515.7 N1
100 _aSanjay Arora
245 0 _aReal Analysis
250 _a1st
260 _c1991
_b"Satya Prakashan,New "
500 _aYES
650 _aReal Analysis
_bMathematics
700 _a Bansi Lal
942 _cBK
999 _c172766
_d172766